000 00486nam a2200217Ia 4500
001 004293
003 YMCAF
005 20230512160255.0
008 100717s1971 ||||||||||||||||| ||und|d
024 _a4293
035 _a4292
040 _aYMCAF
_beng
_cIN-KoLT
041 _aeng
082 _a620.112
_b3 STE
100 _aSTEEDS, W.
245 0 _aENGINEERING MATERIALS MACHINE TOOLS AND PROCESSES
260 _c1971
300 _a196
653 _aMechanical
942 _2ddc
_cBK
999 _c3436
_d3436